[Event "FICS rated blitz game"]
[Site "FICS freechess.org"]
[Date "2018.01.24"]
[Round "?"]
[White "gmarius"]
[Black "ZnCody"]
[Result "1-0"]
[WhiteElo "1215"]
[BlackElo "1183"]
[PlyCount "77"]
[EventDate "2018.??.??"]
[EventType "blitz"]

1. e4 e5 2. Nf3 Nc6 3. c3 Nf6 4. d3 b6 5. Be2 Bb7 6. O-O Bc5 7. h3 Qe7 8. b4
Bd6 9. a4 Nh5 10. Bg5 f6 11. Bh4 g5 12. Bg3 Nxg3 13. fxg3 h5 14. Nh2 g4 15.
hxg4 hxg4 16. Bxg4 Qh7 17. Bh3 O-O-O 18. g4 Rdg8 19. Rf3 Rxg4 20. Nxg4 f5 21.
exf5 e4 22. dxe4 Ne5 23. Nxe5 Bxe5 24. Qd3 Qg7 25. g4 Rxh3 26. Rxh3 Qxg4+ 27.
Kf1 Bxe4 28. Qa6+ Kb8 29. Re3 Qg2+ 30. Ke1 Bg3+ 31. Rxg3 Qxg3+ 32. Kd1 Qg1+ 33.
Kd2 Qg5+ 34. Kd1 Qxf5 35. Nd2 Qg4+ 36. Qe2 Bc2+ 37. Ke1 Qg1+ 38. Nf1 Bxa4 39.
Rxa4 {Black resigns} 1-0

[Event "FICS rated blitz game"]
[Site "FICS freechess.org"]
[Date "2018.01.24"]
[Round "?"]
[White "BravoDelta"]
[Black "RealHuman"]
[Result "0-1"]
[WhiteElo "1525"]
[BlackElo "1533"]
[PlyCount "66"]
[EventDate "2018.??.??"]
[EventType "blitz"]

1. e4 e5 2. Nf3 Nc6 3. c3 Nf6 4. d4 exd4 5. e5 Ng8 6. cxd4 d6 7. Bb5 Bd7 8. O-O
dxe5 9. Bxc6 Bxc6 10. Nxe5 Qd5 11. Nxc6 Qxc6 12. Nc3 O-O-O 13. Be3 Nf6 14. Qb3
Rd7 15. Rac1 Qa6 16. Rfe1 Bd6 17. Nb5 Kb8 18. Nxd6 Qxd6 19. g3 Nd5 20. Rc2 f6
21. Rec1 g5 22. a4 h5 23. a5 h4 24. Rc5 hxg3 25. fxg3 Nxe3 26. Qxe3 Qxd4 27.
Qxd4 Rxd4 28. Rxc7 Rhd8 29. Rf7 Rd1+ 30. Rxd1 Rxd1+ 31. Kg2 Rd2+ 32. Kh3 Rd6
33. Rf8+ Kc7 0-1

[Event "FICS rated blitz game"]
[Site "FICS freechess.org"]
[Date "2018.01.24"]
[Round "?"]
[White "Tensecterror"]
[Black "soopaman"]
[Result "1-0"]
[WhiteElo "1307"]
[BlackElo "1274"]
[PlyCount "39"]
[EventDate "2018.??.??"]
[EventType "blitz"]

1. e4 e5 2. Nf3 Nc6 3. c3 Bc5 4. d4 exd4 5. cxd4 Bb6 6. d5 Nce7 7. Bb5 a6 8.
Qa4 axb5 9. Qxa8 Nf6 10. Nc3 O-O 11. O-O b4 12. Na4 Nxe4 13. Nxb6 cxb6 14. Re1
Nf6 15. Bg5 Nexd5 16. Rad1 Qc7 17. h3 Qc5 18. Rc1 Qb5 19. Rxc8 Qc5 20. Rxc5 {
Black resigns} 1-0

[Event "FICS rated blitz game"]
[Site "FICS freechess.org"]
[Date "2018.01.24"]
[Round "?"]
[White "feroze"]
[Black "vepara"]
[Result "1-0"]
[WhiteElo "1463"]
[BlackElo "1051"]
[PlyCount "65"]
[EventDate "2018.??.??"]
[EventType "blitz"]

1. e4 e5 2. Nf3 Nc6 3. c3 Bc5 4. d4 exd4 5. cxd4 Bb4+ 6. Nc3 d5 7. e5 h6 8. a3
Bxc3+ 9. bxc3 Nge7 10. h3 O-O 11. Bd3 a6 12. a4 Na5 13. Bc2 b6 14. Ba3 c5 15.
Qd3 Bf5 16. Qd2 Bxc2 17. Qxc2 Re8 18. dxc5 Nc4 19. cxb6 Qxb6 20. Bxe7 Rxe7 21.
Qf5 Qb2 22. O-O Qxc3 23. Rfe1 Rae8 24. Red1 Nb6 25. a5 Rxe5 26. Nxe5 Na4 27.
Qxf7+ Kh7 28. Qg6+ Kg8 29. Qxe8+ Kh7 30. Qg6+ Kg8 31. Rxa4 Qxe5 32. Rad4 Qf6
33. Qd3 {Black resigns} 1-0

[Event "FICS rated blitz game"]
[Site "FICS freechess.org"]
[Date "2018.01.24"]
[Round "?"]
[White "arju"]
[Black "Thesevs"]
[Result "0-1"]
[WhiteElo "1664"]
[BlackElo "1833"]
[PlyCount "104"]
[EventDate "2018.??.??"]
[EventType "blitz"]

1. e4 e5 2. Nf3 Nc6 3. c3 Bc5 4. d4 exd4 5. cxd4 Bb6 6. d5 Nce7 7. Nc3 d6 8. h3
Ng6 9. Bd3 Nf6 10. O-O O-O 11. Re1 Ne5 12. Nxe5 dxe5 13. Bg5 a6 14. Qf3 Bd7 15.
Rad1 h6 16. Bh4 g5 17. Bg3 Ba5 18. Bxe5 Kg7 19. a3 Bxc3 20. Bxc3 Re8 21. e5 Nh7
22. e6+ f6 23. exd7 Rf8 24. Bf5 Rf7 25. Qd3 Nf8 26. Be6 Re7 27. Bf5 Nxd7 28.
Rxe7+ Qxe7 29. Bxd7 Qxd7 30. Re1 Rf8 31. Re6 c6 32. Qf5 Qd8 33. d6 Rf7 34. Qd3
Qd7 35. Qf5 Qd8 36. h4 b5 37. h5 c5 38. Qg6+ Kf8 39. Bxf6 Qd7 40. Qxh6+ Kg8 41.
Qxg5+ Kf8 42. Re7 Qxd6 43. Rxf7+ Kxf7 44. Qg7+ Ke6 45. h6 Kd5 46. h7 Kc4 47.
Qg8+ Kd3 48. h8=Q Kc2 49. Qhh7+ Kc1 50. Qh6+ Kb1 51. Qgg6+ Ka2 52. Qc1 Qd1+ 0-1

[Event "FICS rated blitz game"]
[Site "FICS freechess.org"]
[Date "2018.01.24"]
[Round "?"]
[White "kiknit"]
[Black "Ranonkel"]
[Result "1-0"]
[WhiteElo "1452"]
[BlackElo "1701"]
[PlyCount "55"]
[EventDate "2018.??.??"]
[EventType "blitz"]

1. e4 e5 2. Nf3 Nc6 3. c3 Nf6 4. h3 Nxe4 5. Bc4 d5 6. Bb3 Be6 7. d3 Nd6 8. c4
dxc4 9. dxc4 Nxc4 10. Qe2 Nd4 11. Nxd4 Qxd4 12. O-O b5 13. Na3 Bxa3 14. Rd1 Qc5
15. bxa3 O-O 16. a4 a6 17. axb5 axb5 18. Bxc4 Bxc4 19. Qh5 Rxa2 20. Be3 Qe7 21.
Rxa2 Bxa2 22. Ra1 Bc4 23. Ra7 Rd8 24. Bb6 Rc8 25. Qg4 Qd8 26. Be3 c5 27. Bh6
Qf6 28. Qxc8+ {Black resigns} 1-0

[Event "FICS rated blitz game"]
[Site "FICS freechess.org"]
[Date "2018.01.24"]
[Round "?"]
[White "bongrain"]
[Black "romakan"]
[Result "0-1"]
[WhiteElo "1304"]
[BlackElo "1212"]
[PlyCount "32"]
[EventDate "2018.??.??"]
[EventType "blitz"]

1. e4 e5 2. Nf3 Nc6 3. c3 d5 4. exd5 Qxd5 5. c4 Qa5 6. Nc3 Bf5 7. d3 O-O-O 8.
Bd2 Nf6 9. Nd5 Qa6 10. Nh4 Bg4 11. Qc2 Nd4 12. Qc3 Nxd5 13. cxd5 Rxd5 14. f3
Rc5 15. Qxc5 Bxc5 16. fxg4 Nc2+ {White resigns} 0-1

[Event "FICS rated blitz game"]
[Site "FICS freechess.org"]
[Date "2018.01.24"]
[Round "?"]
[White "proximab"]
[Black "theSYAM"]
[Result "1/2-1/2"]
[WhiteElo "2057"]
[BlackElo "1559"]
[PlyCount "144"]
[EventDate "2018.??.??"]
[EventType "blitz"]

1. e4 e5 2. Nf3 Nc6 3. c3 Nf6 4. d4 exd4 5. e5 Nd5 6. cxd4 Be7 7. Qb3 Nb6 8. d5
Nb8 9. Bd3 d6 10. Be3 dxe5 11. Bxb6 axb6 12. Nxe5 Bf6 13. Bb5+ Kf8 14. Qe3 Qe7
15. Nd3 Qxe3+ 16. fxe3 c6 17. dxc6 bxc6 18. Bc4 Bf5 19. O-O Bxd3 20. Bxd3 Bxb2
21. Nd2 Bxa1 22. Rxa1 Ke7 23. Nf1 Ra3 24. Bc2 Nd7 25. Ng3 g6 26. Be4 Ne5 27.
Nf1 f5 28. Bb1 Rha8 29. h3 R8a4 30. Kf2 Rb4 31. Kg1 Rc3 32. Nd2 Rc1+ 33. Kh2
Rb2 34. Nb3 Rcxb1 35. Rxb1 Rxb1 36. Kg3 Rb2 37. Nc1 Rc2 38. Nb3 Rxa2 39. Nc1
Rc2 40. Nb3 b5 41. Nd4 h5 42. Nxc2 Kd6 43. Kf4 Kd5 44. Nd4 b4 45. Nb3 Nd3+ 46.
Kg5 Ne5 47. Kf6 c5 48. Nc1 c4 49. Na2 b3 50. Nc3+ Kd6 51. Nb5+ Kc5 52. Nc3 Kb4
53. Nd5+ Kc5 54. Kxe5 b2 55. Nc3 Kb4 56. Kd4 Kb3 57. Nb1 Kc2 58. Na3+ Kb3 59.
Nxc4 b1=Q 60. Nd2+ Kc2 61. Nxb1 Kxb1 62. e4 fxe4 63. Kxe4 Kc1 64. Kf4 Kd2 65.
Kg5 Ke2 66. h4 Kf2 67. Kxg6 Kxg2 68. Kxh5 Kg3 69. Kg5 Kh3 70. h5 Kg3 71. h6 Kf3
72. h7 Ke3 1/2-1/2

[Event "FICS rated blitz game"]
[Site "FICS freechess.org"]
[Date "2018.01.24"]
[Round "?"]
[White "gmarius"]
[Black "ZnCody"]
[Result "0-1"]
[WhiteElo "1218"]
[BlackElo "1182"]
[PlyCount "128"]
[EventDate "2018.??.??"]
[EventType "blitz"]

1. e4 e5 2. Nf3 Nc6 3. c3 Nf6 4. d3 Bc5 5. h3 O-O 6. Bg5 Be7 7. Be2 h6 8. Bh4
d6 9. Nh2 Be6 10. O-O Qd7 11. Bxf6 Bxf6 12. Ng4 Bg5 13. Nd2 f5 14. exf5 Rxf5
15. Nf3 Be7 16. Nfh2 Raf8 17. f3 Rf4 18. Qe1 d5 19. Qg3 Bg5 20. h4 Bxg4 21.
Nxg4 Rxg4 22. fxg4 Bf4 23. Qh3 Ne7 24. g5 Qxh3 25. gxh3 hxg5 26. hxg5 Bxg5 27.
Rxf8+ Kxf8 28. Rf1+ Ke8 29. Bh5+ Kd7 30. Rf7 Bf6 31. Kf2 Ke6 32. Kf3 c5 33. Rf8
d4 34. cxd4 exd4 35. Ke4 Kd6 36. Rd8+ Kc6 37. Bg4 Kb5 38. Rb8 b6 39. a3 Ka4 40.
Be6 Nc6 41. Bd7 Kb5 42. Kd5 Bg5 43. Bxc6+ Ka5 44. Bb7 Bc1 45. b4+ cxb4 46.
axb4+ Kxb4 47. Kxd4 a5 48. Ke4 a4 49. Bd5 a3 50. Ra8 Bb2 51. h4 Kc5 52. h5 Kd6
53. Kf5 Ke7 54. Kg6 Kd6 55. Bb3 b5 56. Rg8 b4 57. Rxg7 Bxg7 58. Kxg7 Kc5 59. h6
Kd4 60. h7 Kc3 61. Bc4 b3 62. Bxb3 Kxb3 63. h8=Q a2 64. Qb8+ Kc3 0-1

[Event "FICS rated blitz game"]
[Site "FICS freechess.org"]
[Date "2018.01.24"]
[Round "?"]
[White "bakonyi"]
[Black "Pianoum"]
[Result "0-1"]
[WhiteElo "1979"]
[BlackElo "2039"]
[PlyCount "136"]
[EventDate "2018.??.??"]
[EventType "blitz"]

1. e4 e5 2. Nf3 Nc6 3. c3 d6 4. d4 f5 5. dxe5 dxe5 6. Qxd8+ Kxd8 7. Bc4 h6 8.
Bd5 Bd7 9. Nbd2 Bd6 10. Nc4 Nf6 11. Bxc6 Bxc6 12. Nfxe5 Bxe4 13. Nxd6 cxd6 14.
Nf7+ Ke7 15. Nxh8 Rxh8 16. f3 Bc6 17. Kf2 Kf7 18. Be3 Nd5 19. Rad1 Rd8 20. a3
b6 21. Rhe1 Nf6 22. Bd4 Nd7 23. c4 Nf8 24. b4 Ne6 25. Bb2 Ba4 26. Rd2 g5 27. g3
Rd7 28. Rde2 Nc7 29. Bc1 Bb3 30. h4 Bxc4 31. Rc2 b5 32. hxg5 hxg5 33. Bxg5 Ne6
34. Be3 a6 35. Rh1 Kg6 36. Rd2 d5 37. Rh6+ Kf7 38. Rh7+ Ke8 39. Rxd7 Kxd7 40.
Bd4 Ke7 41. Ke3 Kf7 42. Rh2 Kg6 43. Rh8 f4+ 44. gxf4 Kf5 45. Rh5+ Kg6 46. Rh8
Kf5 47. Ra8 Nxf4 48. Rxa6 Ng2+ 49. Kf2 Nf4 50. a4 Nd3+ 51. Ke3 Nxb4 52. axb5
Nxa6 53. bxa6 Bxa6 54. Bc5 Bc4 55. Kd4 Ke6 56. Bb4 Kf5 57. Bd2 Kf6 58. f4 Kf5
59. Be3 Bb3 60. Bd2 Ba2 61. Be3 Bc4 62. Bd2 Bb3 63. Be3 Ba2 64. Bd2 Bc4 65. Be3
Bb3 66. Bd2 Ba2 67. Be3 Bb3 68. Bd2 Ba2 {White resigns} 0-1

[Event "FICS rated blitz game"]
[Site "FICS freechess.org"]
[Date "2018.01.24"]
[Round "?"]
[White "NicolausSilver"]
[Black "Anibals"]
[Result "0-1"]
[WhiteElo "1315"]
[BlackElo "1300"]
[PlyCount "84"]
[EventDate "2018.??.??"]
[EventType "blitz"]

1. e4 e5 2. Nf3 Nc6 3. c3 Nf6 4. Ng5 Nxe4 5. Nxe4 d5 6. Ng3 Bc5 7. Bb5 O-O 8.
O-O a6 9. Bxc6 bxc6 10. d4 exd4 11. cxd4 Bb6 12. a4 Re8 13. b4 a5 14. bxa5 Bxa5
15. Bd2 Bb6 16. Bc3 Bd7 17. a5 Ba7 18. Bb4 Qg5 19. Nd2 Bxd4 20. Rb1 c5 21. Ba3
Rxa5 22. Bb2 Bg4 23. Nf3 Bxb2 24. Rxb2 Bxf3 25. Qxf3 Rea8 26. Nf5 Ra1 27. Rb8+
Rxb8 28. Rxa1 d4 29. h4 Qd8 30. Qg3 g6 31. Nh6+ Kg7 32. Qf4 Qe7 33. Ng4 Qxh4
34. Qe5+ Kg8 35. Qxc7 Re8 36. Qf4 Qe7 37. Nf6+ Kg7 38. Nxe8+ Qxe8 39. Ra7 d3
40. g3 c4 41. Qd4+ Kg8 42. Qd5 c3 0-1

[Event "FICS rated blitz game"]
[Site "FICS freechess.org"]
[Date "2018.01.24"]
[Round "?"]
[White "proximab"]
[Black "scuberthouse"]
[Result "1-0"]
[WhiteElo "2090"]
[BlackElo "1232"]
[PlyCount "30"]
[EventDate "2018.??.??"]
[EventType "blitz"]

1. e4 e5 2. Nf3 Nc6 3. c3 d5 4. Qa4 Bd7 5. exd5 Nd4 6. Qd1 Nxf3+ 7. Qxf3 Qf6 8.
Qe4 Bc5 9. d4 Bf5 10. Qe2 O-O-O 11. dxc5 Rxd5 12. Be3 Ne7 13. Nd2 Bc2 14. Qg4+
Kb8 15. Bc4 Rd7 {Black resigns} 1-0

[Event "FICS rated standard game"]
[Site "FICS freechess.org"]
[Date "2018.01.24"]
[Round "?"]
[White "koadjao"]
[Black "twagner"]
[Result "0-1"]
[WhiteElo "1728"]
[BlackElo "1685"]
[PlyCount "60"]
[EventDate "2018.??.??"]

1. e4 e5 2. Nf3 Nc6 3. c3 Bc5 4. d4 exd4 5. cxd4 Bb4+ 6. Bd2 Bxd2+ 7. Qxd2 d6
8. Nc3 Bg4 9. Bb5 Nge7 10. O-O-O a6 11. Ba4 b5 12. Bb3 Na5 13. Bc2 Nc4 14. Qf4
Bh5 15. Bb3 Qd7 16. h3 a5 17. g4 Bg6 18. Nh4 b4 19. Ba4 c6 20. Ne2 Qe6 21. f3
Rc8 22. Nxg6 fxg6 23. d5 Qe5 24. Qxe5 Nxe5 25. b3 Nxf3 26. dxc6 O-O 27. Rxd6
Ne5 28. Nd4 Nd3+ 29. Kd2 Nc5 30. Bb5 Nxe4+ 0-1

[Event "FICS rated blitz game"]
[Site "FICS freechess.org"]
[Date "2018.01.24"]
[Round "?"]
[White "bongrain"]
[Black "goAlexFlo"]
[Result "1-0"]
[WhiteElo "1295"]
[BlackElo "1256"]
[PlyCount "41"]
[EventDate "2018.??.??"]
[EventType "blitz"]

1. e4 e5 2. Nf3 Nc6 3. c3 Bc5 4. d4 exd4 5. cxd4 Bb4+ 6. Nc3 d5 7. e5 Qe7 8.
Be2 Bg4 9. O-O Nh6 10. Nxd5 Qd7 11. Bc4 Ba5 12. Bxh6 gxh6 13. Nf6+ Ke7 14. Nxd7
Bxd7 15. d5 Nb4 16. a3 Na6 17. b4 Bb6 18. d6+ cxd6 19. Qxd6+ Kd8 20. Bxf7 Bc7
21. Qf6+ {Black resigns} 1-0

[Event "FICS rated blitz game"]
[Site "FICS freechess.org"]
[Date "2018.01.24"]
[Round "?"]
[White "proximab"]
[Black "registrationbread"]
[Result "1/2-1/2"]
[WhiteElo "2090"]
[BlackElo "2085"]
[PlyCount "50"]
[EventDate "2018.??.??"]
[EventType "blitz"]

1. e4 e5 2. Nf3 Nc6 3. c3 Nf6 4. d4 Nxe4 5. d5 Ne7 6. Nxe5 Ng6 7. Nxg6 hxg6 8.
Bd3 Nf6 9. Qe2+ Qe7 10. Qxe7+ Bxe7 11. c4 c6 12. Nc3 cxd5 13. Nxd5 Nxd5 14.
cxd5 Rh5 15. Be4 Re5 16. f3 Bd6 17. O-O f5 18. Bd3 Bc5+ 19. Kh1 Rxd5 20. Bc4
Rd4 21. b3 Kf8 22. Bb2 Rd2 23. Bc1 Rd4 24. Bb2 Rd2 25. Bc1 Rd4 1/2-1/2

[Event "FICS rated blitz game"]
[Site "FICS freechess.org"]
[Date "2018.01.24"]
[Round "?"]
[White "proximab"]
[Black "scuberthouse"]
[Result "1-0"]
[WhiteElo "2090"]
[BlackElo "1232"]
[PlyCount "26"]
[EventDate "2018.??.??"]
[EventType "blitz"]

1. e4 e5 2. Nf3 Nc6 3. c3 Bc5 4. b4 Bb6 5. b5 d5 6. bxc6 dxe4 7. Qa4 Kf8 8.
Qxe4 bxc6 9. Qxc6 Rb8 10. Nxe5 Ne7 11. Qf3 f6 12. Bc4 Bc5 13. Nf7 Qd7 {Black
resigns} 1-0

[Event "FICS rated blitz game"]
[Site "FICS freechess.org"]
[Date "2018.01.24"]
[Round "?"]
[White "ashups"]
[Black "iamredeemed"]
[Result "0-1"]
[WhiteElo "1207"]
[BlackElo "1227"]
[PlyCount "54"]
[EventDate "2018.??.??"]
[EventType "blitz"]

1. e4 e5 2. Nf3 Nc6 3. c3 Nf6 4. Bc4 d5 5. Bxd5 Nxd5 6. exd5 Qxd5 7. d4 Bg4 8.
Nbd2 exd4 9. O-O Be7 10. c4 Qd6 11. Ne4 Qd8 12. Neg5 O-O 13. Nxh7 Re8 14. Bg5
Kxh7 15. Bxe7 Qxe7 16. Qd3+ Kg8 17. Nxd4 Ne5 18. Qe4 c5 19. Nf5 Qg5 20. Nd6 Bf3
21. g3 Bxe4 22. Nxe4 Qg4 23. f4 Nf3+ 24. Kg2 Nh4+ 25. Kh1 Rxe4 26. f5 Nxf5 27.
Rad1 Ne3 {White resigns} 0-1

[Event "FICS rated blitz game"]
[Site "FICS freechess.org"]
[Date "2018.01.24"]
[Round "?"]
[White "morts"]
[Black "cstevep"]
[Result "0-1"]
[WhiteElo "1143"]
[BlackElo "1185"]
[PlyCount "126"]
[EventDate "2018.??.??"]
[EventType "blitz"]

1. e4 e5 2. Nf3 Nc6 3. c3 Nf6 4. d3 Bc5 5. Bg5 O-O 6. Nbd2 d6 7. g3 Bg4 8. Bg2
Qd7 9. h3 Bxf3 10. Nxf3 Qe6 11. d4 exd4 12. cxd4 Bb4+ 13. Bd2 Bxd2+ 14. Qxd2
Qxe4+ 15. Qe2 Qxe2+ 16. Kxe2 Rfe8+ 17. Kf1 Nb4 18. Rc1 Nxa2 19. Rxc7 Nb4 20.
Rxb7 Nd3 21. Kg1 a5 22. Bf1 Nb4 23. Bg2 Nd3 24. Ng5 h6 25. Ne4 Nxe4 26. Rb3
Ndxf2 27. Rh2 Nd1 28. Re3 Nd2 29. Rd3 Re1+ 30. Bf1 Ne3 31. Rhxd2 Rxf1+ 32. Kh2
Re8 33. d5 Nf5 34. Ra3 Rfe1 35. Rxa5 R1e2+ 36. Rxe2 Rxe2+ 37. Kg1 Ne3 38. Ra6
Rg2+ 39. Kh1 Rxg3 40. Rxd6 Rxh3+ 41. Kg1 Rg3+ 42. Kf2 Nf5 43. Rd8+ Kh7 44. d6
Rd3 45. d7 Nd4 46. Re8 Nc6 47. d8=Q Nxd8 48. b4 Ne6 49. b5 Rb3 50. Re7 Rxb5 51.
Rxf7 h5 52. Re7 Ng5 53. Kg3 Kh6 54. Kh4 g6 55. Re8 Rb4+ 56. Kg3 h4+ 57. Kh2 Kh5
58. Rh8+ Kg4 59. Rd8 h3 60. Rd1 Rb2+ 61. Kh1 Nf3 62. Rf1 Kg3 63. Rd1 Rh2# {
White checkmated} 0-1

[Event "FICS rated blitz game"]
[Site "FICS freechess.org"]
[Date "2018.01.24"]
[Round "?"]
[White "freshwater"]
[Black "endresjohn"]
[Result "1-0"]
[WhiteElo "1351"]
[BlackElo "1182"]
[PlyCount "105"]
[EventDate "2018.??.??"]
[EventType "blitz"]

1. e4 e5 2. Nf3 Nc6 3. c3 Nf6 4. d3 Bc5 5. h3 O-O 6. b4 Bb6 7. Bg5 h6 8. Bh4 g5
9. Nxg5 hxg5 10. Bxg5 d6 11. Qf3 Kg7 12. Nd2 Qe7 13. a4 a6 14. a5 Ba7 15. Be2
Qe6 16. Nf1 Rg8 17. Ng3 Nh7 18. Nf5+ Kf8 19. Bh6+ Ke8 20. Ng7+ Rxg7 21. Bxg7
Qg6 22. Bh8 Qg8 23. Bf6 Qg6 24. Bh4 Nf8 25. O-O Ne6 26. Qg3 Qxg3 27. Bxg3 Bd7
28. Kh1 Ne7 29. f4 f6 30. f5 Ng5 31. Bf2 b6 32. axb6 cxb6 33. Rxa6 Bb5 34. Raa1
Nc6 35. Bxb6 Nf7 36. Bxa7 Rxa7 37. Rxa7 Nxa7 38. c4 Bc6 39. b5 Bb7 40. Ra1 Nc8
41. Bh5 Ke7 42. Bxf7 Kxf7 43. g4 Kg7 44. Kg2 Kh6 45. Kg3 Nb6 46. Ra7 Bc8 47.
Rf7 Nd7 48. b6 Nxb6 49. Rxf6+ Kg7 50. Rxd6 Na4 51. Rc6 Bd7 52. Rc7 Nb6 53. Rb7
{Black resigns} 1-0

[Event "FICS rated blitz game"]
[Site "FICS freechess.org"]
[Date "2018.01.24"]
[Round "?"]
[White "RoyMund"]
[Black "bonet"]
[Result "0-1"]
[WhiteElo "1513"]
[BlackElo "1495"]
[PlyCount "76"]
[EventDate "2018.??.??"]
[EventType "blitz"]

1. e4 e5 2. Nf3 Nc6 3. c3 Nf6 4. d4 exd4 5. cxd4 Bb4+ 6. Nc3 Nxe4 7. Qe2 d5 8.
a3 Bxc3+ 9. bxc3 O-O 10. Bb2 Na5 11. Qb5 c6 12. Qb4 Re8 13. O-O-O b6 14. Rg1
Nb7 15. Qb3 Nxf2 16. Rd2 Ne4 17. Re2 Nbd6 18. Qc2 Bf5 19. Qd1 Qf6 20. Ne5 Qg5+
21. Kc2 Nf2+ 22. Kb3 Nxd1 23. Rc2 Bxc2+ 24. Kxc2 Nxb2 25. Kxb2 Nc4+ 26. Nxc4
dxc4 27. Bxc4 Qd2+ 28. Kb3 b5 29. Bf1 Re1 30. g3 Qf2 31. Rg2 Qxf1 32. Rb2 Qc4+
33. Kc2 Re2+ 34. Kc1 Rxb2 35. Kxb2 Re8 36. Kc2 Re2+ 37. Kd1 Qd3+ 38. Kc1 Qc2# {
White checkmated} 0-1

[Event "FICS rated blitz game"]
[Site "FICS freechess.org"]
[Date "2018.01.24"]
[Round "?"]
[White "QuestPUPP"]
[Black "Tcpuig"]
[Result "0-1"]
[WhiteElo "1162"]
[BlackElo "1211"]
[PlyCount "62"]
[EventDate "2018.??.??"]
[EventType "blitz"]

1. Nf3 Nc6 2. c3 e5 3. e4 Nf6 4. d3 h6 5. Qb3 Bc5 6. a3 Ng4 7. d4 exd4 8. Nxd4
Bxd4 9. cxd4 Nxd4 10. Qc4 Qf6 11. f4 Qh4+ 12. g3 Qf6 13. e5 Qb6 14. Nd2 Ne3 15.
Qd3 Ndc2+ 16. Ke2 Nxf1 17. Nxf1 Nxa1 18. b4 O-O 19. Bb2 d5 20. Ne3 d4 21. Nc4
Bg4+ 22. Kf2 Qc6 23. Bxa1 Qxh1 24. Bxd4 Qxh2+ 25. Ke1 Qh1+ 26. Kd2 Qd1+ 27. Kc3
Qc1+ 28. Qc2 Qe1+ 29. Nd2 a5 30. b5 Qxg3+ 31. Kb2 Qxf4 {White resigns} 0-1

[Event "FICS rated blitz game"]
[Site "FICS freechess.org"]
[Date "2018.01.24"]
[Round "?"]
[White "LTVT"]
[Black "jsutour"]
[Result "0-1"]
[WhiteElo "1280"]
[BlackElo "1282"]
[PlyCount "83"]
[EventDate "2018.??.??"]
[EventType "blitz"]

1. e4 e5 2. Nf3 Nc6 3. c3 Nf6 4. d4 exd4 5. cxd4 Bb4+ 6. Bd2 Nxe4 7. Bxb4 Nxb4
8. Bd3 Nxd3+ 9. Qxd3 d5 10. O-O Bf5 11. Re1 O-O 12. Qb5 c6 13. Qxb7 Qd6 14. Ne5
Be6 15. Nc3 Rfb8 16. Qa6 Rxb2 17. Reb1 Rxb1+ 18. Rxb1 Nxc3 19. Rc1 Ne2+ 20. Kh1
Nxc1 21. h3 f6 22. Nf3 Bc8 23. Qa4 Bd7 24. Qc2 Qf4 25. Qb2 Re8 26. Qb7 Qf5 27.
Qxa7 Nd3 28. Kg1 Re2 29. Qb8+ Kf7 30. Qc7 Rxf2 31. Qd6 Rxa2 32. Nh4 Ra1+ 33.
Kh2 Qf4+ 34. Qxf4 Nxf4 35. g3 Ra2+ 36. Kg1 Ne2+ 37. Kf2 Nxd4+ 38. Ke3 c5 39. g4
Ra3+ 40. Kd2 Rxh3 41. Nf5 Nxf5 42. gxf5 {White resigns} 0-1

[Event "FICS rated blitz game"]
[Site "FICS freechess.org"]
[Date "2018.01.24"]
[Round "?"]
[White "morts"]
[Black "cstevep"]
[Result "0-1"]
[WhiteElo "1141"]
[BlackElo "1187"]
[PlyCount "104"]
[EventDate "2018.??.??"]
[EventType "blitz"]

1. e4 e5 2. Nf3 Nc6 3. c3 Nf6 4. d3 Bc5 5. d4 exd4 6. cxd4 Bb6 7. d5 Bxf2+ 8.
Kxf2 Nxe4+ 9. Kg1 Nb4 10. Qb3 Na6 11. Bxa6 bxa6 12. Qc4 Nd6 13. Qe2+ Qe7 14.
Qxe7+ Kxe7 15. h3 Re8 16. Kh2 Kf8 17. Nbd2 Nf5 18. b3 d6 19. Bb2 Bb7 20. Nd4
Nxd4 21. Bxd4 Bxd5 22. Rhg1 Re2 23. Nc4 Bxc4 24. bxc4 c6 25. c5 dxc5 26. Bxc5+
Kg8 27. Rae1 Rxa2 28. Re7 h6 29. Rge1 Rc2 30. Re8+ Rxe8 31. Rxe8+ Kh7 32. Re5
a5 33. Bxa7 a4 34. Ra5 Rc4 35. h4 g6 36. g3 h5 37. Kh3 Kh6 38. Be3+ Kg7 39. Bf2
f6 40. Ra7+ Kf8 41. Ra8+ Kf7 42. Ra5 g5 43. hxg5 fxg5 44. Be3 Kg6 45. Bb6 g4+
46. Kh4 Kh6 47. Bd8 c5 48. Bg5+ Kg6 49. Be3 a3 50. Rxa3 Rc2 51. Ra6+ Kf7 52.
Ra4 c4 0-1

[Event "FICS rated blitz game"]
[Site "FICS freechess.org"]
[Date "2018.01.24"]
[Round "?"]
[White "tboeker"]
[Black "AlheeKing"]
[Result "0-1"]
[WhiteElo "1303"]
[BlackElo "1322"]
[PlyCount "58"]
[EventDate "2018.??.??"]
[EventType "blitz"]

1. e4 e5 2. Nf3 Nc6 3. c3 Nf6 4. d3 d5 5. exd5 Nxd5 6. Nbd2 Bg4 7. Be2 Nf4 8.
h3 Nxe2 9. Qxe2 Bh5 10. g4 Bg6 11. Nxe5 Nxe5 12. Qxe5+ Be7 13. d4 Bd3 14. Qe3
Bb5 15. Nb3 Bc6 16. Rg1 O-O 17. Bd2 Re8 18. O-O-O a6 19. f4 b5 20. Rde1 Qd5 21.
Nc5 h6 22. Qd3 Bxc5 23. Rxe8+ Rxe8 24. Qc2 Be7 25. Kb1 Bd7 26. f5 Qf3 27. g5
Bxg5 28. Bxg5 hxg5 29. Rxg5 Re1+ {White resigns} 0-1

[Event "FICS rated standard game"]
[Site "FICS freechess.org"]
[Date "2018.01.24"]
[Round "?"]
[White "proximab"]
[Black "stoyko"]
[Result "1-0"]
[WhiteElo "2182"]
[BlackElo "1930"]
[PlyCount "27"]
[EventDate "2018.??.??"]

1. e4 e5 2. Nf3 Nc6 3. c3 Nf6 4. d4 exd4 5. e5 Nd5 6. cxd4 Bb4+ 7. Bd2 Bxd2+ 8.
Qxd2 O-O 9. Nc3 Nce7 10. Nxd5 Nxd5 11. Bc4 Nb6 12. Bd3 h6 13. Qf4 Nd5 14. Qe4 {
Black resigns} 1-0

[Event "FICS rated blitz game"]
[Site "FICS freechess.org"]
[Date "2018.01.24"]
[Round "?"]
[White "intihuantana"]
[Black "ForgacsJ"]
[Result "1-0"]
[WhiteElo "2003"]
[BlackElo "2027"]
[PlyCount "73"]
[EventDate "2018.??.??"]
[EventType "blitz"]

1. e4 e5 2. Nf3 Nc6 3. c3 f5 4. exf5 e4 5. Nd4 Nf6 6. d3 Nxd4 7. cxd4 d5 8.
dxe4 dxe4 9. g4 Bb4+ 10. Nc3 c5 11. g5 Bxf5 12. gxf6 Qxf6 13. Bd2 O-O-O 14. Qa4
Kb8 15. dxc5 Bxc5 16. O-O-O Bxf2 17. Bf4+ Ka8 18. Nd5 Rc8+ 19. Kb1 e3+ 20. Ka1
Qe6 21. Bc4 e2 22. Nc7+ Rxc7 23. Bxe6 exd1=R+ 24. Rxd1 Bxe6 25. Bxc7 a6 26.
Rd8+ Rxd8 27. Bxd8 Bd5 28. Ba5 Bc6 29. Qf4 Bg1 30. Qg4 Be3 31. Qxg7 h6 32. Qh8+
Ka7 33. Bc3 a5 34. Bd4+ Ka6 35. Bxe3 b6 36. Qd4 b5 37. Qb6# {Black checkmated}
1-0

[Event "FICS rated blitz game"]
[Site "FICS freechess.org"]
[Date "2018.01.24"]
[Round "?"]
[White "RADACK"]
[Black "Gwynplaine"]
[Result "1-0"]
[WhiteElo "1566"]
[BlackElo "1472"]
[PlyCount "95"]
[EventDate "2018.??.??"]
[EventType "blitz"]

1. e4 e5 2. Nf3 Nc6 3. c3 Bc5 4. b4 Bb6 5. b5 Nb8 6. d4 exd4 7. cxd4 Qe7 8. Bd3
d5 9. e5 f6 10. O-O fxe5 11. Nxe5 Nf6 12. Bg5 Bxd4 13. Nf3 Bxa1 14. Re1 Be6 15.
Bxf6 Qxf6 16. Qe2 O-O 17. Qxe6+ Qxe6 18. Rxe6 Nd7 19. Re7 Nc5 20. Bc2 Rae8 21.
Rxc7 Ne6 22. Rxb7 Ng5 23. Nbd2 Bc3 24. Nxg5 Re1+ 25. Nf1 Bd4 26. Nh3 g5 27. g4
Rf3 28. Kg2 Rc3 29. Bxh7+ Kh8 30. Ng3 Rc2 31. Bxc2 Ra1 32. Bb3 Rd1 33. Bxd5 Bb6
34. Bb3 Rd2 35. Ne4 Rxf2+ 36. Nhxf2 Bxf2 37. Nxf2 a6 38. Rb6 axb5 39. Rxb5 Kg7
40. Rb6 Kh8 41. a4 Kg7 42. Bd1 Kf8 43. a5 Ke7 44. a6 Kd8 45. a7 Kc7 46. Rh6 Kb7
47. Rh7+ Ka8 48. Bf3# {Black checkmated} 1-0